An Inky Parade: (Record no. 216458)

MARC details
000 -LEADER
fixed length control field 00568nam a22001817a 4500
005 - DATE AND TIME OF LATEST TRANSACTION
control field 20260603111240.0
010 ## - LCCN (DPL NO)
LC control number ENG-148728
020 ## - INTERNATIONAL STANDARD BOOK NUMBER
International Standard Book Number 9789357313872
Terms of availability 799.00
035 ## - SYSTEM CONTROL NUMBER
System control number EN-132260
037 ## - SOURCE OF ACQUISITION
Source of stock number/acquisition DBAD/PUB
082 ## - DEWEY DECIMAL CLASSIFICATION NUMBER
Classification number S
100 ## - MAIN ENTRY--PERSONAL NAME
Personal name Sebastian, Pradeep
245 ## - TITLE STATEMENT
Title An Inky Parade:
Statement of responsibility, etc Pradeep Sebastian
Remainder of title Tales for Bibliophiles/
260 ## - PUBLICATION, DISTRIBUTION, ETC. (IMPRINT)
Place of publication, distribution, etc Gurugram
Name of publisher, distributor, etc Hachette Book Publishing India Pvt. Ltd
Date of publication, distribution, etc 2024
270 ## - ADDRESS
Address 4th & 5th Floors, Corporate Centre, Plot No. 94, Sector 44,
City Gurugram
Postal code 122003
300 ## - PHYSICAL DESCRIPTION
Extent 329 p.
Dimensions 20.5 cm(hb)
942 ## - ADDED ENTRY ELEMENTS (KOHA)
Source of classification or shelving scheme Dewey Decimal Classification
Item type English Books
Classification part S
Call number suffix SEB
Holdings
Withdrawn status Lost status Not for loan Collection code Home library Current library Date acquired Source of acquisition Cost, normal purchase price Full call number Barcode Copy number Cost, replacement price Koha item type
    Not For Loan Fiction D.B.Act.Division D.B.Act.Division 03/06/2026 DBAD 799.00 S SEB EN-132260 1 799.00 English Books

© Delhi Public Library
Hit Counter
free hit counter